000 00482nam a22001697a 4500
999 _c162486
_d162486
005 20190314163842.0
010 _aB-194252
020 _c210.00
035 _aB-194252
037 _bKedar Nath Ram Nath & Co.
082 _a530.141
100 _aPrakash, Satya
245 _aElectromagnetic theory and electrodynamics /
_cSatya Prakash
260 _aMeerut
_bKedar Nath Ram Nath & Co.
_c2006
300 _a603p.
_c24cm(pbk)
942 _2ddc
_cEN
_h530.141
_mSAT